Pays frontalier de l’Inde - Statistiques

Statistiques générales
  • Ce quiz a été pris 65 fois
  • Le résultat moyen est 5 sur 6
Statistiques - réponses
Km de frontière avec l’Inde Pays % Correct
3 380 km Chine
100%
2 912 km Pakistan
97%
4 053 km Bangladesh
92%
1 690 km Népal
88%
605 km Bhoutan
73%
1 463 km Birmanie / Myanmar
73%
Aucun quiz correspondant
Distribution des résultats
% des personnes avec chaque résultat
Percentile par nombre de réponses
Votre historique - résultats
Vous n’avez pas pris ce quiz